ბათუმის შოთა რუსთაველის სახელმწიფო უნივერსიტეტის ბიბლიოთეკა

International relations / (ბიბ.ჩანაწერი № 54153)

000 -LEADER
fixed length control field 00734nam a2200229Ia 4500
001 - CONTROL NUMBER
control field 21209
003 - CONTROL NUMBER IDENTIFIER
control field GE_BSU
005 - DATE AND TIME OF LATEST TRANSACTION
control field 20210803145338.0
008 - FIXED-LENGTH DATA ELEMENTS--GENERAL INFORMATION
fixed length control field 181216s ||||us |||||||||||||| || ||
020 ## - INTERNATIONAL STANDARD BOOK NUMBER
International Standard Book Number 9780205971367 (paperback)
040 ## - CATALOGING SOURCE
Transcribing agency GE_BSU
080 ## - UNIVERSAL DECIMAL CLASSIFICATION NUMBER
Universal Decimal Classification number 327 G-60
100 ## - MAIN ENTRY--PERSONAL NAME
Personal name Goldstein, Joshua
9 (RLIN) 12367
245 ## - TITLE STATEMENT
Title International relations /
Statement of responsibility, etc. Joshua S. Goldstein, Jon C. Pevehouse.
250 ## - EDITION STATEMENT
Edition statement Tenth edition, 2013-2014 update
264 ## - PRODUCTION, PUBLICATION, DISTRIBUTION, MANUFACTURE, AND COPYRIGHT NOTICE
Place of production, publication, distribution, manufacture Boston :
Name of producer, publisher, distributor, manufacturer Pearson,
Date of production, publication, distribution, manufacture, or copyright notice 2014.
300 ## - PHYSICAL DESCRIPTION
Extent xxx, 568 pages :
Other physical details color illustrations, color maps ;
Dimensions 26 cm.
653 ## - INDEX TERM--UNCONTROLLED
keyword International relations
653 ## - INDEX TERM--UNCONTROLLED
keyword საერთაშორისო ურთიერთობები
942 ## - ADDED ENTRY ELEMENTS (KOHA)
Koha item type წიგნი
Source of classification or shelving scheme
ეგზემპლარები
Withdrawn status Lost status Source of classification or shelving scheme Damaged status Not for loan Permanent Location Current Location Shelving location Date acquired Cost, normal purchase price Full call number Barcode Date last seen Copy number Price effective from Koha item type Public note
          ბათუმის შოთა რუსთაველის სახელმწიფო უნივერსიტეტის მთავარი ბიბლიოთეკა ბათუმის შოთა რუსთაველის სახელმწიფო უნივერსიტეტის მთავარი ბიბლიოთეკა წიგნსაცავი 2018-12-17 200.00 327 G-60 54819 2018-12-17 54819 2018-12-17 წიგნი 200.00 GEL.